London prices falling still (Record no. 118222)

MARC details
000 -LEADER
fixed length control field 01203cam a2200229 4500
001 - CONTROL NUMBER
control field WB@3612-466
008 - FIXED-LENGTH DATA ELEMENTS--GENERAL INFORMATION
fixed length control field 041026n2004 000 0 eng u
035 ## - SYSTEM CONTROL NUMBER
System control number (Sirsi) u127820
245 ## - TITLE STATEMENT
Title London prices falling still
260 ## - PUBLICATION, DISTRIBUTION, ETC.
Date of publication, distribution, etc. 2004
490 ## - SERIES STATEMENT
Series statement Hometrack Press Release
Volume/sequential designation 25 October 2004 (7)
520 ## - SUMMARY, ETC.
Summary, etc. Hometrack's "Monthly London survey: October 2004" reveals an average house price fall of -1.1% following last month's drop of -0.7%. This is the fourth consecutive month during which London house prices have fallen and the average London house price now stands at £268 800. For the first time since the survey began, all London boroughs reported price falls. The worst affected were Southwark and Lewisham which both saw falls of -1.8%. All of these figures point to the fact that the London housing market is stalling. View the report in full on the website. http://www.hometrack.co.uk/index.cfm?fuseaction=ne ws.viewnewsitem&newsid=88
590 ## - LOCAL NOTE (RLIN)
Local note WB
590 ## - LOCAL NOTE (RLIN)
Local note WB
650 ## - SUBJECT ADDED ENTRY--TOPICAL TERM
Topical term or geographic name entry element HOUSE PRICES
650 ## - SUBJECT ADDED ENTRY--TOPICAL TERM
Topical term or geographic name entry element HOMETRACK.CO.UK HOUSE PRICE INDEX
650 ## - SUBJECT ADDED ENTRY--TOPICAL TERM
Topical term or geographic name entry element INTEREST RATES
650 ## - SUBJECT ADDED ENTRY--TOPICAL TERM
Topical term or geographic name entry element LONDON
650 ## - SUBJECT ADDED ENTRY--TOPICAL TERM
Topical term or geographic name entry element HOUSING-MARKET
690 ## - LOCAL SUBJECT ADDED ENTRY--TOPICAL TERM (OCLC, RLIN)
Topical term or geographic name as entry element HOUSING-HOUSE PRICES
942 ## - ADDED ENTRY ELEMENTS (KOHA)
Suppress in OPAC 0
Holdings
Withdrawn status Lost status Source of classification or shelving scheme Damaged status Not for loan Home library Current library Shelving location Date acquired Total Checkouts Full call number Barcode Date last seen Copy number Price effective from Koha item type
    Dewey Decimal Classification     London London News article 26/10/2004   WB4041-11 127820-1001 06/08/2019 1 06/08/2019 News article